Quantum mechanics / (Record no. 14381)

MARC details
000 -LEADER
fixed length control field 00775nam a22002177a 4500
005 - DATE AND TIME OF LATEST TRANSACTION
control field 20080710142328.0
008 - FIXED-LENGTH DATA ELEMENTS--GENERAL INFORMATION
fixed length control field 080710t xxu||||| |||| 00| 0 eng d
010 ## - LIBRARY OF CONGRESS CONTROL NUMBER
LC control number ENG-90512
020 ## - INTERNATIONAL STANDARD BOOK NUMBER
International Standard Book Number 818955798X
Terms of availability 795.00
035 ## - SYSTEM CONTROL NUMBER
System control number EN-74045
037 ## - SOURCE OF ACQUISITION
Source of stock number/acquisition DBAD / PUB
040 ## - CATALOGING SOURCE
Original cataloging agency DPL
Language of cataloging EN
082 ## - DEWEY DECIMAL CLASSIFICATION NUMBER
Classification number 530.12
100 ## - MAIN ENTRY--PERSONAL NAME
Personal name Treman, P.
245 ## - TITLE STATEMENT
Title Quantum mechanics /
Statement of responsibility, etc by P. Treman
260 ## - PUBLICATION, DISTRIBUTION, ETC. (IMPRINT)
Place of publication, distribution, etc New Delhi
Name of publisher, distributor, etc Arise Publishers & Distributors
Date of publication, distribution, etc 2007
270 ## - ADDRESS
Address 4648 / , 21, Ansari Road, Darya Ganj
City New Delhi
Postal code 110002
300 ## - PHYSICAL DESCRIPTION
Extent 376p.
Dimensions 22cm.(Hb)
942 ## - ADDED ENTRY ELEMENTS (KOHA)
Source of classification or shelving scheme Dewey Decimal Classification
Koha item type English Books
Classification part 530.12
Call number suffix TRE
Holdings
Withdrawn status Lost status Damaged status Not for loan Collection code Home library Current library Date acquired Source of acquisition Cost, normal purchase price Total Checkouts Full call number Barcode Date last seen Copy number Cost, replacement price Price effective from Koha item type
      Not For Loan Non-fiction D.B.Act.Division D.B.Act.Division 10/07/2008 DBAD / PUB 795.00   530.12 TRE EN-74045 15/09/2008 1 795.00 15/09/2008 English Books

© Delhi Public Library
Hit Counter
free hit counter